[Event "26th EUR-ch"]
[Site "Katowice POL"]
[Date "2026.04.16"]
[Round "9.192"]
[White "Bittner, Titus"]
[Black "Stan, Andrei-Mihaita"]
[Result "1/2-1/2"]
[WhiteElo "2162"]
[BlackElo "2038"]
[EventDate "2026.04.07"]
[PlyCount "51"]

1.e4 e6 2.d4 d5 3.Nd2 dxe4 4.Nxe4 Nd7 5.Nf3 Ngf6 6.Nxf6+ Nxf6 7.Bd3 c5 8.
dxc5 Bxc5 9.Qe2 h6 10.Bf4 Bd7 11.Ne5 Nd5 12.Bd2 Bc6 13.O-O-O Qc7 14.f4 
O-O-O 15.Nxc6 Qxc6 16.a3 Qb6 17.Rhe1 Bf2 18.Rf1 Be3 19.g3 Rhe8 20.Rf3 
Bxd2+ 21.Rxd2 Nf6 22.h3 Rd6 23.Rf1 Red8 24.f5 Kb8 25.Rdd1 Qc5 26.Qf2 
1/2-1/2

[Event "26th EUR-ch"]
[Site "Katowice POL"]
[Date "2026.04.16"]
[Round "9.193"]
[White "Malinowski, Damian"]
[Black "Wacior, Maciej"]
[Result "0-1"]
[WhiteElo "1984"]
[BlackElo "2160"]
[EventDate "2026.04.07"]
[PlyCount "76"]

1.c4 c5 2.Nc3 Nc6 3.g3 g6 4.Bg2 Bg7 5.e4 a6 6.a4 d6 7.d3 Nd4 8.h3 Rb8 9.
Nge2 e6 10.O-O Ne7 11.Rb1 Nec6 12.Nxd4 Nxd4 13.Bd2 O-O 14.b4 cxb4 15.Rxb4 
Bd7 16.Ne2 a5 17.Rb1 Nxe2+ 18.Qxe2 Bxa4 19.f4 Bd7 20.g4 f5 21.exf5 exf5 
22.Bxb7 Qh4 23.Bd5+ Kh8 24.Rxb8 Rxb8 25.Bg2 fxg4 26.Be1 g3 27.Qf3 Bd4+ 28.
Kh1 Bxh3 29.Qxg3 Bxg2+ 30.Kxg2 Rb2+ 31.Kf3 Qe7 32.Kg4 Qe6+ 33.f5 gxf5+ 34.
Rxf5 Rb8 35.Qf4 Be5 36.Qe4 Rf8 37.Bh4 h5+ 38.Kg5 Rg8+ 0-1

[Event "26th EUR-ch"]
[Site "Katowice POL"]
[Date "2026.04.16"]
[Round "9.194"]
[White "Witczak, Borys"]
[Black "Golsta, Madara"]
[Result "1/2-1/2"]
[WhiteElo "2161"]
[BlackElo "2008"]
[EventDate "2026.04.07"]
[PlyCount "84"]

1.e4 c5 2.Nf3 g6 3.d4 cxd4 4.Nxd4 Bg7 5.c4 Nc6 6.Be3 Nf6 7.Nc3 Ng4 8.Qxg4 
Nxd4 9.Qd1 Ne6 10.Qd2 Qa5 11.Bd3 Bxc3 12.bxc3 O-O 13.O-O d6 14.Rab1 Nc5 
15.Bh6 Re8 16.Rb5 Qc7 17.f4 Bd7 18.Rbb1 Rac8 19.Bc2 Ba4 20.f5 Bxc2 21.fxg6
hxg6 22.Qxc2 Qd7 23.Rf3 Qe6 24.Rbf1 Qxe4 25.Qf2 f6 26.Rf4 Qe5 27.Rg4 Kf7 
28.Bf4 Qf5 29.Qg3 Ne4 30.Qf3 Rxc4 31.Qh3 Rxc3 32.Be3 Ng5 33.Qh4 Rh8 34.
Qxh8 Qxg4 35.Bxg5 Qxg5 36.Qh7+ Ke8 37.Re1 Re3 38.Qg8+ Kd7 39.Rc1 d5 40.
Qc8+ Kd6 41.Qd8+ Ke6 42.Qg8+ Kd7 1/2-1/2

[Event "26th EUR-ch"]
[Site "Katowice POL"]
[Date "2026.04.16"]
[Round "9.195"]
[White "Karut, Kacper"]
[Black "Smolinski, Wojciech"]
[Result "1/2-1/2"]
[WhiteElo "2159"]
[BlackElo "1989"]
[EventDate "2026.04.07"]
[PlyCount "97"]

1.e4 c5 2.Nf3 d6 3.d4 cxd4 4.Qxd4 a6 5.c4 Nc6 6.Qe3 g6 7.Be2 Bg7 8.h3 Nf6 
9.O-O O-O 10.Nc3 Nd7 11.Rd1 Nc5 12.Rb1 a5 13.b3 f5 14.Bb2 fxe4 15.Ng5 a4 
16.Ncxe4 Nxe4 17.Qxe4 Bxb2 18.Qh4 h5 19.Rxb2 e5 20.Qg3 Nd4 21.Rxd4 exd4 
22.Ne6 Qf6 23.Nxf8 Kxf8 24.Rd2 Bf5 25.Qf4 axb3 26.axb3 Ra1+ 27.Kh2 Qe5 28.
Qxe5 dxe5 29.f4 e4 30.g4 hxg4 31.hxg4 d3 32.gxf5 dxe2 33.Rxe2 gxf5 34.Rd2 
Rf1 35.Rd5 Rxf4 36.Kg3 Rf3+ 37.Kg2 Rxb3 38.Rxf5+ Ke7 39.Rd5 Ke6 40.Kf2 b6 
41.Ke2 Rb4 42.Ke3 Rxc4 43.Rb5 Rc6 44.Kxe4 Kd6 45.Kd4 Kc7 46.Rb4 Kb7 47.Rc4
Rg6 48.Kc3 b5 49.Rh4 1/2-1/2

[Event "26th EUR-ch"]
[Site "Katowice POL"]
[Date "2026.04.16"]
[Round "9.196"]
[White "Zadrapova, Amalie"]
[Black "Amiridou, Dimitra"]
[Result "0-1"]
[WhiteElo "2140"]
[BlackElo "1965"]
[EventDate "2026.04.07"]
[PlyCount "72"]

1.c4 e5 2.g3 c6 3.Bg2 Nf6 4.d4 exd4 5.Qxd4 Na6 6.e4 Bc5 7.Qe5+ Be7 8.Ne2 
O-O 9.O-O Re8 10.Qc3 Bc5 11.Nd2 d5 12.cxd5 cxd5 13.e5 d4 14.Qb3 Ng4 15.Nf3
Nxe5 16.Nxe5 Rxe5 17.Nf4 Qb6 18.Qd1 Bf5 19.a3 Rd8 20.b4 Be7 21.Bb2 Nc7 22.
Qd2 Bg5 23.Rfe1 Rxe1+ 24.Rxe1 Ne6 25.Re5 g6 26.Qe1 Nxf4 27.Re8+ Rxe8 28.
Qxe8+ Kg7 29.gxf4 Bxf4 30.Qa8 Qd6 31.Qxb7 Bxh2+ 32.Kh1 Be5 33.Qb5 Bf6 34.
Qc5 Qf4 35.Bc1 Qxf2 36.b5 Qe1+ 0-1

[Event "26th EUR-ch"]
[Site "Katowice POL"]
[Date "2026.04.16"]
[Round "9.197"]
[White "Spyra, Piotr"]
[Black "Luba, Lukasz"]
[Result "1-0"]
[WhiteElo "1974"]
[BlackElo "2138"]
[EventDate "2026.04.07"]
[PlyCount "47"]

1.e4 e6 2.d4 d5 3.Bd3 c5 4.exd5 exd5 5.c3 cxd4 6.cxd4 Nc6 7.Nf3 Bd6 8.O-O 
Bg4 9.h3 h5 10.Nc3 Kf8 11.Be3 Rc8 12.Nxd5 Bb8 13.Nc3 Qd6 14.Re1 Re8 15.Nb5
Qf6 16.d5 Ne5 17.Bc5+ Ne7 18.Nxe5 Bxe5 19.hxg4 hxg4 20.d6 Qf4 21.dxe7+ Kg8
22.g3 Qh6 23.Be4 Bxg3 24.Qd8 1-0

[Event "26th EUR-ch"]
[Site "Katowice POL"]
[Date "2026.04.16"]
[Round "9.198"]
[White "Paprocki, Jaroslaw"]
[Black "Levytskyi, Liubomyr"]
[Result "0-1"]
[WhiteElo "2136"]
[BlackElo "1959"]
[EventDate "2026.04.07"]
[PlyCount "120"]

1.Nf3 d5 2.d4 Nf6 3.c4 e6 4.Nc3 Nbd7 5.e3 a6 6.Qc2 dxc4 7.a4 b6 8.Bxc4 Bb7
9.O-O Bb4 10.Rd1 Qe7 11.d5 exd5 12.Nxd5 Nxd5 13.Bxd5 Bxd5 14.Rxd5 Bd6 15.
Ng5 Rd8 16.Ne4 Nc5 17.Nxd6+ Rxd6 18.Rxd6 Qxd6 19.Bd2 O-O 20.a5 Rd8 21.axb6
cxb6 22.Bc3 a5 23.h3 h6 24.Qe2 Qd3 25.Qg4 Ne6 26.Kh2 Rd5 27.Qg3 Rf5 28.Ra4
Qb5 29.Re4 Rg5 30.Qb8+ Kh7 31.h4 Rg6 32.g4 Qe2 33.Qg3 f5 34.gxf5 Rxg3 35.
Kxg3 Nc5 36.Rg4 Kg8 37.f6 Qc2 38.Rxg7+ Kf8 39.f3 Ne6 40.Rb7 Qg6+ 41.Kf2 
Qc2+ 42.Kg3 Qd3 43.Kf2 Qd6 44.Kg2 Nc7 45.Bd4 Nd5 46.Rh7 Nf4+ 47.Kf1 Ne6 
48.Rh8+ Kf7 49.Bc3 Qg3 50.Ke2 Qg2+ 51.Kd3 Qxf3 52.Rxh6 Nc5+ 53.Kc2 Qe4+ 
54.Kd1 Qd3+ 55.Bd2 Nb3 56.Ke1 Qxd2+ 57.Kf1 Qxe3 58.Rh7+ Kxf6 59.Rh8 Nd2+ 
60.Kg2 Qf3+ 0-1

[Event "26th EUR-ch"]
[Site "Katowice POL"]
[Date "2026.04.16"]
[Round "9.199"]
[White "Madrawski, Krzysztof"]
[Black "Destic, Elena"]
[Result "1-0"]
[WhiteElo "2132"]
[BlackElo "1953"]
[EventDate "2026.04.07"]
[PlyCount "73"]

1.e4 c6 2.d4 d5 3.e5 Bf5 4.Nd2 e6 5.Nb3 Nd7 6.Nf3 h6 7.Be2 Ne7 8.O-O c5 9.
Nxc5 Nxc5 10.dxc5 Nc6 11.Be3 Qa5 12.c3 Bg4 13.b4 Qc7 14.b5 Nxe5 15.b6 axb6
16.cxb6 Qd6 17.Nxe5 Bxe2 18.Qxe2 Qxe5 19.Qb5+ Kd8 20.Bd4 Qd6 21.a4 Qd7 22.
Qb3 f6 23.Rfd1 Bd6 24.c4 e5 25.Bc5 d4 26.Bxd4 exd4 27.Rxd4 Bxh2+ 28.Kxh2 
Qxd4 29.Rd1 Qxd1 30.Qxd1+ Ke7 31.Qd5 Rab8 32.a5 Rhc8 33.c5 Rd8 34.Qe4+ Kf7
35.c6 bxc6 36.Qxc6 Rbc8 37.Qb5 1-0

[Event "26th EUR-ch"]
[Site "Katowice POL"]
[Date "2026.04.16"]
[Round "9.200"]
[White "Atienza Alvarez, Javier"]
[Black "Adamczyk, Zuzanna"]
[Result "0-1"]
[WhiteElo "2127"]
[BlackElo "1950"]
[EventDate "2026.04.07"]
[PlyCount "48"]

1.d4 Nf6 2.c4 e6 3.Nc3 Bb4 4.e3 O-O 5.Bd3 d5 6.a3 Be7 7.Nf3 c5 8.O-O cxd4 
9.exd4 b6 10.cxd5 exd5 11.Ne5 Bb7 12.Re1 Nc6 13.Bc2 Nxe5 14.dxe5 Ne4 15.
Nxe4 dxe4 16.Qg4 f5 17.exf6 Bxf6 18.Rd1 Qc8 19.Bb3+ Kh8 20.Be6 Qc2 21.Rd2 
Qc5 22.Rd7 Bc8 23.Be3 Qb5 24.Rd5 Qxd5 0-1

[Event "26th EUR-ch"]
[Site "Katowice POL"]
[Date "2026.04.16"]
[Round "9.201"]
[White "Modzelewski, Filip"]
[Black "Tezcan, Alper"]
[Result "0-1"]
[WhiteElo "1971"]
[BlackElo "2121"]
[EventDate "2026.04.07"]
[PlyCount "92"]

1.e4 c6 2.Nf3 d5 3.exd5 cxd5 4.d4 Nc6 5.c3 Bf5 6.Qb3 Qd7 7.Nh4 Be6 8.Bd3 
g6 9.O-O Bg7 10.f4 Nh6 11.f5 Nxf5 12.Nxf5 Bxf5 13.Bxf5 gxf5 14.Qc2 Rc8 15.
Qd3 e6 16.Bf4 O-O 17.Nd2 f6 18.Bg3 Ne7 19.Rae1 Rce8 20.Qf3 Ng6 21.h4 Bh6 
22.Nb3 b6 23.h5 Nh8 24.Bh4 Qg7 25.Re2 Re7 26.Rfe1 Rfe8 27.Kh1 Nf7 28.g4 f4
29.Nc1 Bg5 30.Bf2 Nd6 31.Nd3 Qh6 32.Bg1 Ne4 33.Bh2 e5 34.c4 Ng3+ 35.Bxg3 
e4 36.Qf1 fxg3 37.cxd5 Bd2 38.d6 Bxe1 39.dxe7 exd3 40.Rxe1 Qd2 41.Qg1 Qf4 
42.Qe3 d2 43.Qb3+ Kg7 44.Rg1 Qe4+ 45.Rg2 Rxe7 46.g5 Qh4+ 0-1

[Event "26th EUR-ch"]
[Site "Katowice POL"]
[Date "2026.04.16"]
[Round "9.202"]
[White "Wasiluk, Mateusz"]
[Black "Tudoroiu, Razvan-Catalin"]
[Result "1-0"]
[WhiteElo "1934"]
[BlackElo "2121"]
[EventDate "2026.04.07"]
[PlyCount "147"]

1.e4 e6 2.d4 d5 3.Nc3 Nc6 4.Nf3 Nf6 5.e5 Ne4 6.Bd3 Bb4 7.Bd2 Bxc3 8.bxc3 
h6 9.Qe2 b6 10.O-O Bb7 11.Ne1 Qd7 12.f3 Nxd2 13.Qxd2 O-O-O 14.a4 a5 15.f4 
f5 16.Bb5 Qe7 17.Nf3 Rdg8 18.h4 Nd8 19.Kf2 Nf7 20.Rh1 g6 21.Rh3 Rg7 22.Rg3
Rhg8 23.Qe3 Kb8 24.Qd2 Ka7 25.Kg1 g5 26.hxg5 hxg5 27.fxg5 Nxg5 28.Rxg5 
Rxg5 29.Nxg5 Rxg5 30.Be2 Rg3 31.Bf3 Qh4 32.Qf2 Ba6 33.Re1 f4 34.Rd1 Qg5 
35.Rc1 Bc4 36.Kh2 Qh4+ 37.Kg1 c6 38.Ra1 Qh6 39.Qe1 Rg7 40.Kf2 Qh2 41.Qd1 
Rg5 42.Rc1 b5 43.Ra1 Kb6 44.Rb1 Rg7 45.Ra1 Ka6 46.Ra3 Rg3 47.Ra1 Rg8 48.
Ra3 Rg7 49.Ra1 Rg5 50.Ra3 b4 51.cxb4 axb4 52.Ra1 c5 53.a5 Bb5 54.dxc5 Rxe5
55.c6 Qh8 56.Qd2 Re3 57.c7 Qc8 58.Qxb4 Qxc7 59.Rb1 Qxc2+ 60.Kg1 Qc6 61.
Qxf4 Qc5 62.Kh1 e5 63.Qf6+ Ka7 64.Qf7+ Ka6 65.Bxd5 Kxa5 66.Qg8 Ra3 67.Qa8+
Kb6 68.Qb7+ Ka5 69.Qa8+ Kb6 70.Qd8+ Ka7 71.Be4 Ka6 72.Rd1 Rc3 73.Rd6+ Ka7 
74.Qa8# 1-0

[Event "26th EUR-ch"]
[Site "Katowice POL"]
[Date "2026.04.16"]
[Round "9.203"]
[White "Smolin, Sergey"]
[Black "Vegh, Endre"]
[Result "1-0"]
[WhiteElo "1962"]
[BlackElo "2121"]
[EventDate "2026.04.07"]
[PlyCount "158"]

1.e4 e6 2.d4 d5 3.e5 c5 4.dxc5 Nc6 5.Nf3 Bxc5 6.Bd3 f6 7.Qe2 fxe5 8.Nxe5 
Nxe5 9.Qxe5 Nf6 10.Be3 Bd6 11.Qg5 O-O 12.c4 dxc4 13.Bxc4 Qc7 14.Nd2 Bb4 
15.Qh4 Qa5 16.a3 Kh8 17.Rd1 Be7 18.O-O Qf5 19.Nf3 Nd5 20.Bg5 Bxg5 21.Qxg5 
Nb6 22.Bd3 Qxg5 23.Nxg5 h6 24.Nf3 Bd7 25.Ne5 Be8 26.Be4 Rb8 27.b3 Kg8 28.
a4 Bh5 29.f3 Rfd8 30.Rxd8+ Rxd8 31.Bxb7 Rd2 32.Rc1 Kf8 33.Nc4 Rd3 34.Nxb6 
axb6 35.b4 Ra3 36.Rc6 Rxa4 37.Rxb6 Be8 38.Kf2 Ra2+ 39.Kg3 Rb2 40.f4 Bd7 
41.Kf3 Ke7 42.Ke3 Kd8 43.Bf3 Kc7 44.Rb7+ Kc8 45.Kd4 Rf2 46.Ra7 g5 47.fxg5 
hxg5 48.Ra8+ Kc7 49.Rg8 g4 50.Ke3 Rb2 51.Rxg4 e5 52.Rh4 Kd6 53.Kd3 Bf5+ 
54.Kc3 Rf2 55.Rc4 Rc2+ 56.Kb3 Rf2 57.Rh4 e4 58.Bxe4 Bxe4 59.Rxe4 Rxg2 60.
h4 Kd5 61.Rc4 Rg3+ 62.Rc3 Rg4 63.Rc5+ Kd6 64.h5 Rh4 65.Ka4 Kd7 66.Rg5 Kc6 
67.Rg6+ Kb7 68.h6 Rh5 69.b5 Rh1 70.Kb4 Rh2 71.Kc4 Rh5 72.b6 Rf5 73.Kd4 Rf1
74.Ke5 Rf2 75.Rf6 Rh2 76.Kf5 Rg2 77.Re6 Rg3 78.Kf6 Rg2 79.h7 Rg4 1-0

[Event "26th EUR-ch"]
[Site "Katowice POL"]
[Date "2026.04.16"]
[Round "9.204"]
[White "Konopka, Jeremie"]
[Black "Lorenz, Roger"]
[Result "1/2-1/2"]
[WhiteElo "1930"]
[BlackElo "2118"]
[EventDate "2026.04.07"]
[PlyCount "102"]

1.d4 Nf6 2.c4 e6 3.a3 d5 4.Nc3 Nbd7 5.cxd5 exd5 6.Bg5 h6 7.Bh4 c6 8.Nf3 
Qb6 9.Na4 Qc7 10.Bg3 Bd6 11.Bxd6 Qxd6 12.e3 Ne4 13.Bd3 Ndf6 14.Ne5 Qe7 15.
Rc1 O-O 16.Qc2 Re8 17.O-O Nd6 18.Nc5 Ng4 19.Nxg4 Bxg4 20.h3 Be6 21.Qe2 Bf5
22.Bxf5 Nxf5 23.Qg4 Nd6 24.Qd7 Qxd7 25.Nxd7 Nc4 26.Nc5 Re7 27.Nd3 a5 28.a4
b5 29.Ne5 Rc7 30.axb5 Nxb2 31.Rxc6 Rb7 32.Ra6 Rxa6 33.bxa6 Ra7 34.Rb1 Nc4 
35.Nxc4 dxc4 36.Rc1 Rxa6 37.Rxc4 a4 38.Rc2 f5 39.Kf1 h5 40.Ke2 h4 41.Kf3 
Kf7 42.Ra2 Ke6 43.e4 a3 44.Kf4 fxe4 45.Kxe4 Ra4 46.Kd3 Kd5 47.Kc3 Ra7 48.
Kb3 g6 49.Kc3 Ra6 50.Kb3 Ra7 51.Kc3 Ra6 1/2-1/2

[Event "26th EUR-ch"]
[Site "Katowice POL"]
[Date "2026.04.16"]
[Round "9.205"]
[White "Zeissel, Andrzej"]
[Black "Chmiel, Pawel"]
[Result "0-1"]
[WhiteElo "2117"]
[BlackElo "1949"]
[EventDate "2026.04.07"]
[PlyCount "100"]

1.e4 e6 2.d4 d5 3.Nd2 Nc6 4.Ngf3 Nf6 5.e5 Nd7 6.Be2 f6 7.exf6 Qxf6 8.Nf1 
Bd6 9.Bg5 Qg6 10.Bh4 O-O 11.Ne3 e5 12.dxe5 Ndxe5 13.Bg3 Be6 14.O-O Rad8 
15.c3 Nxf3+ 16.Bxf3 Bxg3 17.fxg3 Ne5 18.Qd4 Nxf3+ 19.Rxf3 Rxf3 20.gxf3 b6 
21.b4 c6 22.Re1 Re8 23.Ng2 Bd7 24.Rxe8+ Qxe8 25.b5 Qg6 26.Qd1 Qf6 27.bxc6 
Bxc6 28.Qd3 d4 29.cxd4 Qxf3 30.Qxf3 Bxf3 31.Nf4 g5 32.Nd3 Bd5 33.Nb4 Bc4 
34.a3 Kf7 35.Kf2 Ke6 36.Ke3 a5 37.Nc6 Bd5 38.Ne5 b5 39.Kd3 Kf5 40.Nd7 h6 
41.Kc3 h5 42.Ne5 Ke4 43.Nd3 Kf3 44.Ne1+ Kg4 45.Nc2 Kh3 46.Ne3 Be6 47.d5 
Bc8 48.a4 b4+ 49.Kd4 Kxh2 50.g4 hxg4 0-1

[Event "26th EUR-ch"]
[Site "Katowice POL"]
[Date "2026.04.16"]
[Round "9.206"]
[White "Gajdzica, Maciej"]
[Black "Ivanauskas, Deividas"]
[Result "1-0"]
[WhiteElo "2110"]
[BlackElo "1883"]
[EventDate "2026.04.07"]
[PlyCount "81"]

1.e4 e5 2.Nf3 Nf6 3.Nxe5 Nxe4 4.Qe2 Qe7 5.Qxe4 d6 6.d4 dxe5 7.dxe5 Nc6 8.
Nc3 Qxe5 9.Qxe5+ Nxe5 10.Bf4 Bd6 11.Bg3 f6 12.O-O-O Bd7 13.Nb5 Bxb5 14.
Bxb5+ Kf8 15.Rhe1 g6 16.Kb1 Kg7 17.f4 Nf7 18.Re6 Nd8 19.Re4 Nf7 20.Be1 
Rad8 21.Bd3 Rhe8 22.g3 Bc5 23.Rxe8 Rxe8 24.b4 Bg1 25.c4 b6 26.h3 Bd4 27.
Kc2 Nd6 28.a4 c5 29.a5 f5 30.bxc5 bxc5 31.Rb1 Re7 32.a6 Re6 33.Ba5 Nf7 34.
Bb6 Re7 35.Bf1 Nd6 36.Bd8 Rd7 37.Rb8 Nf7 38.Bb6 Nd6 39.Ba5 Re7 40.Rd8 Kf7 
41.Rxd6 1-0

[Event "26th EUR-ch"]
[Site "Katowice POL"]
[Date "2026.04.16"]
[Round "9.207"]
[White "Pyrek, Marcin"]
[Black "Marzano, Carlo"]
[Result "1/2-1/2"]
[WhiteElo "1854"]
[BlackElo "2108"]
[EventDate "2026.04.07"]
[PlyCount "183"]

1.d4 d5 2.c4 dxc4 3.Nf3 a6 4.e3 Bg4 5.Bxc4 e6 6.O-O Nc6 7.Nc3 Nf6 8.Be2 
Bd6 9.e4 Bxf3 10.Bxf3 Nxd4 11.e5 Nxf3+ 12.Qxf3 Bxe5 13.Qxb7 O-O 14.Rd1 Qb8
15.Qf3 Qb4 16.a3 Qb8 17.Rb1 c5 18.h3 Qb3 19.Rd3 Rad8 20.Rxd8 Rxd8 21.Bg5 
h6 22.Bxf6 Bxf6 23.Ne4 Qc2 24.Nxf6+ gxf6 25.Re1 Qxb2 26.Qh5 Qd2 27.Rb1 Rd5
28.Qg4+ Rg5 29.Qf3 Qd5 30.Qxd5 exd5 31.Rb6 d4 32.Kf1 Kg7 33.Rxa6 c4 34.Rc6
c3 35.Ke2 Rxg2 36.Rc4 Rh2 37.Rxd4 c2 38.Rc4 Rxh3 39.a4 Ra3 40.Rxc2 Rxa4 
41.Kf3 Kg6 42.Kg3 h5 43.Rc8 Ra3+ 44.Kf4 h4 45.Rg8+ Kh7 46.Rg2 h3 47.Rh2 
Kg6 48.f3 f5 49.Rxh3 Ra4+ 50.Kg3 f4+ 51.Kf2 Ra2+ 52.Kf1 Kf5 53.Rh5+ Ke6 
54.Rb5 Rd2 55.Ke1 Rd5 56.Rb4 Kf5 57.Rb7 Kg6 58.Rb4 Kg5 59.Rb7 Kh4 60.Rxf7 
Kg3 61.Ke2 Re5+ 62.Kf1 Kxf3 63.Ra7 Re3 64.Rh7 Re5 65.Rh3+ Kg4 66.Ra3 Rb5 
67.Rc3 Rb1+ 68.Kf2 Rb2+ 69.Kf1 Rh2 70.Rb3 Rh1+ 71.Kg2 Ra1 72.Kf2 Ra4 73.
Rc3 Ra2+ 74.Kf1 Kf5 75.Rb3 Ra4 76.Kf2 Ke4 77.Rc3 Rb4 78.Ra3 Rb2+ 79.Kf1 
Rd2 80.Rc3 Kf5 81.Ra3 Kg4 82.Rc3 Ra2 83.Rb3 Ra4 84.Rc3 Ra1+ 85.Kf2 Ra4 86.
Rb3 f3 87.Rb8 Ra2+ 88.Kf1 Ra4 89.Kf2 Kf4 90.Rf8+ Kg4 91.Rg8+ Kf4 92.Rf8+ 
1/2-1/2

[Event "26th EUR-ch"]
[Site "Katowice POL"]
[Date "2026.04.16"]
[Round "9.208"]
[White "Helis, Tadeusz"]
[Black "Duda, Aleksandra"]
[Result "1-0"]
[WhiteElo "2141"]
[BlackElo "1878"]
[EventDate "2026.04.07"]
[PlyCount "129"]

1.d4 d5 2.c4 e6 3.Nf3 Nf6 4.g3 c6 5.Qc2 Be7 6.Bg2 O-O 7.b3 Nbd7 8.O-O Ne4 
9.Nbd2 f5 10.Bb2 Ndf6 11.Ne5 Nxd2 12.Qxd2 Ne4 13.Qc2 Bf6 14.e3 Bd7 15.Rfd1
Be8 16.f3 Ng5 17.cxd5 cxd5 18.Rac1 Bh5 19.Kf2 Bxe5 20.dxe5 Rc8 21.Qxc8 
Qxc8 22.Rxc8 Rxc8 23.Rc1 Rxc1 24.Bxc1 Nf7 25.Bb2 Nd8 26.e4 dxe4 27.fxe4 
fxe4 28.Bxe4 Nc6 29.Ke3 Kf7 30.a3 Na5 31.Bc3 Nxb3 32.Bxb7 Bg6 33.Ba6 Bc2 
34.Bc4 g5 35.Bb4 h5 36.h4 gxh4 37.gxh4 a5 38.Bd6 a4 39.Bb4 Na1 40.Kf4 Bb3 
41.Be2 Kg6 42.Bd3+ Kg7 43.Kg5 Bd1 44.Bg6 Nc2 45.Bd6 Nd4 46.Bxh5 Bxh5 47.
Kxh5 Nc6 48.Kg5 Nd8 49.Be7 Nf7+ 50.Kf4 Nh6 51.Ke4 Ng4 52.Bd6 Kg6 53.Kd4 
Kh5 54.Kc4 Kxh4 55.Kb4 Kg5 56.Kxa4 Kf5 57.Kb5 Nxe5 58.a4 Nf7 59.Bc7 e5 60.
a5 e4 61.a6 e3 62.a7 e2 63.Bg3 Nd6+ 64.Kc6 Ne4 65.Be1 1-0

[Event "26th EUR-ch"]
[Site "Katowice POL"]
[Date "2026.04.16"]
[Round "9.209"]
[White "Kasperczyk, Szymon"]
[Black "Rajbharath, Harjith"]
[Result "1-0"]
[WhiteElo "1910"]
[BlackElo "2132"]
[EventDate "2026.04.07"]
[PlyCount "99"]

1.d4 d5 2.Nf3 Nf6 3.Bg5 Ne4 4.Bf4 e6 5.Nbd2 c5 6.e3 Nxd2 7.Qxd2 Nc6 8.Ne5 
cxd4 9.exd4 f6 10.Nxc6 bxc6 11.Be2 Bd6 12.O-O O-O 13.Bxd6 Qxd6 14.c4 Bd7 
15.Rfe1 Kh8 16.b3 Rfe8 17.Bh5 g6 18.Bxg6 Rg8 19.c5 Qc7 20.Bf7 Rg5 21.Bxe6 
Bxe6 22.Rxe6 Rag8 23.g3 f5 24.Rae1 f4 25.Re8 fxg3 26.Rxg8+ Rxg8 27.hxg3 
Qf7 28.Qe3 Rf8 29.Qe5+ Kg8 30.Qe6 Kg7 31.Qxf7+ Kxf7 32.Kg2 Rb8 33.Kf3 a5 
34.Ke3 Kf6 35.Kf4 Rb4 36.Rd1 h5 37.f3 a4 38.Rd3 axb3 39.axb3 Rb8 40.Ke3 
Kf5 41.Kf2 Rg8 42.Re3 Rb8 43.Re5+ Kf6 44.Rxh5 Rxb3 45.Rh6+ Kf5 46.g4+ Kf4 
47.Rf6+ Kg5 48.Rxc6 Rd3 49.Rd6 Rxd4 50.Kg3 1-0

[Event "26th EUR-ch"]
[Site "Katowice POL"]
[Date "2026.04.16"]
[Round "9.210"]
[White "Hury, Tymoteusz"]
[Black "Kaplanova, Dominika"]
[Result "1-0"]
[WhiteElo "2115"]
[BlackElo "1869"]
[EventDate "2026.04.07"]
[PlyCount "69"]

1.e4 e5 2.Bc4 Nf6 3.d3 Bc5 4.Nf3 d6 5.c3 O-O 6.Bg5 Nc6 7.Nbd2 Be6 8.b4 Bb6
9.a4 a6 10.Qb3 Qe7 11.O-O h6 12.Bh4 Bxc4 13.Nxc4 Qe6 14.Qb2 Nh5 15.b5 Na5 
16.Nxb6 cxb6 17.Bg3 Rfc8 18.c4 f5 19.exf5 Qxf5 20.Rad1 Nf6 21.Rfe1 Kh8 22.
Qb1 Nd7 23.Nh4 Qh7 24.f4 exf4 25.Bxf4 Nxc4 26.dxc4 Qxb1 27.Rxb1 g5 28.Re7 
Nf8 29.Bxd6 gxh4 30.Be5+ Kg8 31.Rg7+ Kh8 32.Rxb7+ Kg8 33.Rg7+ Kh8 34.Rf1 
Re8 35.Bb2 1-0

[Event "26th EUR-ch"]
[Site "Katowice POL"]
[Date "2026.04.16"]
[Round "9.211"]
[White "Gikas, Andreas Basilius"]
[Black "Marcos Herrero, Francisco"]
[Result "1-0"]
[WhiteElo "2072"]
[BlackElo "1854"]
[EventDate "2026.04.07"]
[PlyCount "69"]

1.e4 c5 2.Nf3 g6 3.d4 cxd4 4.Qxd4 Nf6 5.Nc3 Nc6 6.Qa4 Bg7 7.e5 Ng8 8.Bf4 
a6 9.O-O-O Nh6 10.h3 O-O 11.g4 b5 12.Qe4 Bb7 13.Bg2 Na5 14.Qd3 Bc6 15.Rhe1
Nc4 16.b3 Na3 17.Nb1 Qa5 18.Qd2 Qxd2+ 19.Bxd2 Rac8 20.Nxa3 Rfe8 21.Nh4 f5 
22.exf6 exf6 23.Bxc6 dxc6 24.Rxe8+ Rxe8 25.Re1 Ra8 26.Nb1 Nf7 27.f4 a5 28.
f5 Ne5 29.fxg6 hxg6 30.Bc3 a4 31.Nd2 axb3 32.axb3 b4 33.Bxb4 Ra1+ 34.Nb1 
Bh6+ 35.Kb2 1-0

[Event "26th EUR-ch"]
[Site "Katowice POL"]
[Date "2026.04.16"]
[Round "9.212"]
[White "Sprzeczka, Emilia"]
[Black "Wojtowicz, Marek"]
[Result "1-0"]
[WhiteElo "2066"]
[BlackElo "1836"]
[EventDate "2026.04.07"]
[PlyCount "79"]

1.d4 Nf6 2.c4 d6 3.Nc3 Nbd7 4.Nf3 e5 5.Qc2 Be7 6.e4 O-O 7.Be2 c6 8.O-O a6 
9.Rd1 Qc7 10.h3 b5 11.a3 Bb7 12.Be3 Rac8 13.Rac1 Rfe8 14.b4 Qb8 15.cxb5 
cxb5 16.d5 Bd8 17.Qb3 Bb6 18.Bxb6 Nxb6 19.Nd2 Rc7 20.a4 bxa4 21.Nxa4 Nfd7 
22.Nxb6 Nxb6 23.Qe3 Na8 24.Nc4 Rd8 25.f4 f6 26.fxe5 fxe5 27.Qg5 Rf7 28.Bg4
Rf6 29.Be6+ Kh8 30.Rd3 Bc8 31.Rf3 h6 32.Qh4 Rdf8 33.Rxf6 Rxf6 34.Qg4 Bxe6 
35.dxe6 Qa7+ 36.Kh2 Qe7 37.Ne3 Nb6 38.Nf5 Rxf5 39.Qxf5 Kg8 40.Rc6 1-0

[Event "26th EUR-ch"]
[Site "Katowice POL"]
[Date "2026.04.16"]
[Round "9.213"]
[White "Bognar, Csaba"]
[Black "Karpov, Vladyslav"]
[Result "1-0"]
[WhiteElo "2057"]
[BlackElo "1827"]
[EventDate "2026.04.07"]
[PlyCount "53"]

1.d4 Nf6 2.Nf3 g6 3.g3 Bg7 4.Bg2 O-O 5.O-O d5 6.Nbd2 c5 7.c3 Nc6 8.dxc5 a5
9.a4 e5 10.Nb3 h6 11.Nfd2 Be6 12.f4 Qe7 13.fxe5 Nxe5 14.Nf3 Nc4 15.Nfd4 
Ng4 16.Qd3 Nge5 17.Qc2 Ng4 18.e4 Rad8 19.Qe2 dxe4 20.Qxe4 Bxd4+ 21.Nxd4 
Qxc5 22.h3 Nge5 23.Bxh6 Bd5 24.Qh4 Bxg2 25.Qf6 Nf3+ 26.Rxf3 Qe5 27.Kxg2 
1-0

[Event "26th EUR-ch"]
[Site "Katowice POL"]
[Date "2026.04.16"]
[Round "9.214"]
[White "Galazka, Aleksander"]
[Black "Margaritis, Ioannis M."]
[Result "0-1"]
[WhiteElo "1913"]
[BlackElo "2012"]
[EventDate "2026.04.07"]
[PlyCount "92"]

1.e4 c5 2.a3 Nc6 3.b4 cxb4 4.axb4 Nxb4 5.d4 d5 6.c3 Nc6 7.exd5 Qxd5 8.Na3 
e5 9.Nb5 Bd6 10.Bc4 Qe4+ 11.Ne2 Bb8 12.O-O Nge7 13.Ng3 Qg6 14.Ba3 a6 15.d5
axb5 16.dxc6 Rxa3 17.cxb7 Bxb7 18.Bxb5+ Bc6 19.Rxa3 Bxb5 20.Qb3 Qc6 21.Rb1
Bd6 22.Ra7 Bc4 23.Qb7 O-O 24.Qxc6 Nxc6 25.Rd7 Rd8 26.Rbb7 Be6 27.Rxd8+ 
Nxd8 28.Ra7 Kf8 29.Ne4 Be7 30.Rc7 Ke8 31.c4 Bf5 32.f3 Bxe4 33.fxe4 Ne6 34.
Rb7 Nc5 35.Rb8+ Kd7 36.Kf2 Nxe4+ 37.Ke3 Nc5 38.g4 Bd8 39.h3 g6 40.Rb5 f5 
41.gxf5 gxf5 42.Kf3 Be7 43.Rb8 Ne6 44.Rb7+ Ke8 45.Kg3 Kf7 46.h4 h5 0-1

[Event "26th EUR-ch"]
[Site "Katowice POL"]
[Date "2026.04.16"]
[Round "9.215"]
[White "Radzikowski, Dawid"]
[Black "Zielinski, Marcin"]
[Result "0-1"]
[WhiteElo "2007"]
[BlackElo "1785"]
[EventDate "2026.04.07"]
[PlyCount "112"]

1.e4 c6 2.d4 d5 3.exd5 cxd5 4.Bd3 Nc6 5.Ne2 Nf6 6.O-O g6 7.c3 Bg7 8.Bf4 
O-O 9.Qd2 Bf5 10.Bxf5 gxf5 11.f3 Kh8 12.Ng3 e6 13.Na3 Rg8 14.Nc2 Bf8 15.
Rfe1 Be7 16.b3 Rg6 17.Re2 Qd7 18.Rae1 Rag8 19.Nb4 Bd6 20.Nxc6 Bxf4 21.Qxf4
Qxc6 22.Rc1 Qc8 23.c4 Qb8 24.Qd2 h5 25.Nf1 h4 26.g3 R8g7 27.Kf2 hxg3+ 28.
hxg3 Nh5 29.Ke3 Nxg3 30.Rh2+ Kg8 31.Nxg3 f4+ 32.Kd3 dxc4+ 33.bxc4 fxg3 34.
Rg2 Qd6 35.Qa5 Qf4 36.Rf1 Rh6 37.Qe5 Qxe5 38.dxe5 Rh2 39.Rfg1 Rxg2 40.Rxg2
Kf8 41.Ke4 Ke7 42.Kf4 f6 43.exf6+ Kxf6 44.Ke4 Ke7 45.Ke5 b6 46.f4 Rg6 47.
f5 Rg5 48.Kf4 Rxf5+ 49.Kg4 Rf8 50.Rxg3 Rg8+ 51.Kf3 Rxg3+ 52.Kxg3 Kd6 53.
Kf4 Kc5 54.Ke5 Kxc4 55.Kxe6 b5 56.Kd6 a5 0-1

[Event "26th EUR-ch"]
[Site "Katowice POL"]
[Date "2026.04.16"]
[Round "9.216"]
[White "Madera, Mateusz"]
[Black "Zawisza, Alan"]
[Result "1/2-1/2"]
[WhiteElo "1902"]
[BlackElo "2007"]
[EventDate "2026.04.07"]
[PlyCount "83"]

1.e4 c5 2.Nf3 d6 3.d4 cxd4 4.Nxd4 Nf6 5.Nc3 a6 6.Be3 e5 7.Nb3 Be6 8.f3 h5 
9.Qd2 Nbd7 10.O-O-O b5 11.Qf2 Be7 12.Kb1 Qc7 13.h3 Rb8 14.Bd3 b4 15.Ne2 a5
16.g4 a4 17.Nd2 g6 18.g5 Nh7 19.h4 Nhf8 20.f4 exf4 21.Nxf4 Ne5 22.Bd4 Nfd7
23.Rhf1 b3 24.cxb3 axb3 25.a3 Nxd3 26.Nxd3 Qc2+ 27.Ka1 O-O 28.Nb1 Rfc8 29.
Rd2 Qc6 30.Nc3 Bc4 31.Rc1 Bxd3 32.Rxd3 Ne5 33.Rf1 Rf8 34.Rdd1 Bd8 35.Nd5 
Qc2 36.Qxc2 bxc2 37.Rc1 Rc8 38.Bc3 Rc4 39.Bxe5 dxe5 40.Rfe1 f6 41.b3 Rc6 
42.gxf6 1/2-1/2

[Event "26th EUR-ch"]
[Site "Katowice POL"]
[Date "2026.04.16"]
[Round "9.217"]
[White "Spanos, Nomikos"]
[Black "Ilgililer, Bertug"]
[Result "0-1"]
[WhiteElo "1885"]
[BlackElo "1996"]
[EventDate "2026.04.07"]
[PlyCount "77"]

1.d4 d5 2.Nc3 Nf6 3.Bf4 g6 4.e3 Nh5 5.Bg5 c6 6.Be2 h6 7.Bh4 Ng7 8.g4 Qb6 
9.Rb1 Be6 10.Qd2 Nd7 11.h3 h5 12.gxh5 Nxh5 13.Na4 Qd8 14.b4 b5 15.Nc5 Nxc5
16.bxc5 Qc8 17.Bf1 Bg7 18.f3 Qa6 19.Qc3 Bf5 20.Kd2 O-O 21.a4 Rab8 22.axb5 
cxb5 23.Ra1 Qb7 24.Qa5 e5 25.Ne2 exd4 26.Nxd4 Qc8 27.Qxa7 Rb7 28.Qa6 Qxc5 
29.Bd3 Bxd3 30.cxd3 Bxd4 31.exd4 Qb4+ 32.Ke2 Re8+ 33.Kf1 Qxd4 34.Bf2 Qxd3+
35.Kg2 Rbe7 36.Ra3 Nf4+ 37.Kh2 Qe2 38.Qb6 Re3 39.Raa1 0-1